All First-Level Subdivisions of South America on a Map be like - Statistics

General Stats
  • This quiz has been taken 44 times
  • The average score is 96 of 243
Answers on the Map
Answers color-coded by a green-red scale on the quiz's map according to % correct below.
 
Answer Stats
Country Type Subdivision % Correct
Brazil State Amazonas
95%
Colombia Department Amazonas
95%
Peru Departament Amazonas
95%
Venezuela State Amazonas
95%
Brazil State Rio de Janeiro
95%
Argentina City Buenos Aires
84%
Argentina Province Buenos Aires
84%
Brazil State Acre
79%
Brazil State Bahia
79%
United Kingdom Territory Falkland Islands
79%
Brazil State Mato Grosso
79%
Brazil State Pará
79%
Suriname District Para
79%
Brazil State Rio Grande do Sul
79%
Brazil State São Paulo
79%
Venezuela District Capital District
74%
Paraguay District Distrito Capital
74%
France Region French Guiana
74%
Bolivia Department La Paz
74%
Peru Departament Lima
74%
Peru Province Lima
74%
Uruguay Departament Montevideo
74%
Ecuador Province Morona-Santiago
74%
Argentina Province Santa Fe
74%
Chile Region Santiago
74%
Argentina Province Santiago del Estero
74%
Brazil State Amapá
68%
Argentina Province Córdoba
68%
Colombia Department Córdoba
68%
Brazil District Federal District
68%
Ecuador Province Galápagos
68%
Brazil State Mato Grosso do Sul
68%
Brazil State Minas Gerais
68%
Brazil State Paraná
68%
Brazil State Rio Grande do Norte
68%
Brazil State Santa Catarina
68%
Argentina Province Santa Cruz
68%
Bolivia Department Santa Cruz
68%
Brazil State Sergipe
68%
Argentina Province Tierra del Fuego
68%
Colombia District Capital District
63%
Brazil State Ceará
63%
Brazil State Espírito Santo
63%
Brazil State Goiás
63%
Suriname District Paramaribo
63%
Brazil State Pernambuco
63%
Brazil State Roraima
63%
Brazil State Alagoas
58%
Argentina Province Chaco
58%
Argentina Province Chubut
58%
Peru Departament Cusco
58%
Argentina Province Formosa
58%
Argentina Province La Pampa
58%
Brazil State Maranhão
58%
Argentina Province Misiones
58%
Paraguay Departament Misiones
58%
Argentina Province Neuquén
58%
Brazil State Piauí
58%
Brazil State Rondônia
58%
Argentina Province San Juan
58%
Colombia Department Sucre
58%
Venezuela State Sucre
58%
Brazil State Tocantins
58%
Paraguay Departament Concepción
53%
Argentina Province Entre Ríos
53%
Argentina Province Jujuy
53%
Argentina Province Mendoza
53%
Brazil State Paraíba
53%
Argentina Province Río Negro
53%
Uruguay Departament Río Negro
53%
Argentina Province Salta
53%
Argentina Province San Luis
53%
Argentina Province Tucumán
53%
Chile Region Valparaíso
53%
Colombia Department Arauca
47%
Colombia Department Bolívar
47%
Ecuador Province Bolívar
47%
Venezuela State Bolívar
47%
Argentina Province Catamarca
47%
Argentina Province Corrientes
47%
Argentina Province La Rioja
47%
Chile Region O'Higgins
47%
Uruguay Departament Salto
47%
Chile Region Antofagasta
42%
Peru Departament Arequipa
42%
Uruguay Departament Artigas
42%
Chile Region Atacama
42%
Bolivia Department Beni
42%
Colombia Department San Andrés, Providencia and Santa Catalina
42%
Peru Departament Ica
42%
Chile Region Los Lagos
42%
Chile Region Magallanes
42%
Bolivia Department Potosí
42%
Uruguay Departament San José
42%
Colombia Department Antioquia
37%
Chile Region Araucanía
37%
Chile Region Arica y Parinacota
37%
Colombia Department Atlántico
37%
Chile Region Biobío
37%
Uruguay Departament Canelones
37%
Bolivia Department Cochabamba
37%
Uruguay Departament Durazno
37%
Uruguay Departament Florida
37%
Peru Departament Loreto
37%
Chile Region Los Ríos
37%
Ecuador Province Los Ríos
37%
Bolivia Department Oruro
37%
Uruguay Departament Paysandú
37%
Paraguay Departament Presidente Hayes
37%
Colombia Department Putumayo
37%
Peru Departament San Martín
37%
Peru Departament Tacna
37%
Paraguay Departament Alto Paraguay
32%
Paraguay Departament Alto Paraná
32%
Paraguay Departament Boquerón
32%
Peru City Callao
32%
Colombia Department Cauca
32%
Colombia Department Chocó
32%
Uruguay Departament Colonia
32%
Uruguay Departament Flores
32%
Paraguay Departament Guairá
32%
Venezuela State La Guaira
32%
Colombia Department La Guajira
32%
Peru Departament Madre de Dios
32%
Uruguay Departament Maldonado
32%
Colombia Department Meta
32%
Colombia Department Norte de Santander
32%
Venezuela State Nueva Esparta
32%
Bolivia Department Pando
32%
Peru Departament Puno
32%
Uruguay Departament Rivera
32%
Colombia Department Santander
32%
Bolivia Department Tarija
32%
Uruguay Departament Treinta y Tres
32%
Venezuela State Trujillo
32%
Peru Departament Ucayali
32%
Colombia Department Vaupés
32%
Venezuela State Apure
26%
Peru Departament Apurímac
26%
Chile Region Aysén
26%
Paraguay Departament Caaguazú
26%
Peru Departament Cajamarca
26%
Paraguay Departament Canindeyú
26%
Venezuela State Carabobo
26%
Paraguay Departament Central
26%
Uruguay Departament Cerro Largo
26%
Colombia Department Cesar
26%
Chile Region Coquimbo
26%
Paraguay Departament Cordillera
26%
Ecuador Province Santo Domingo de los Tsáchilas
26%
Guyana Region Essequibo Islands- West Demerara
26%
Colombia Department Guaviare
26%
Ecuador Province Guayas
26%
Peru Departament Huancavelica
26%
Paraguay Departament Itapúa
26%
Peru Departament Junín
26%
Peru Departament La Libertad
26%
Venezuela State Lara
26%
Uruguay Departament Lavalleja
26%
Colombia Department Magdalena
26%
Chile Region Maule
26%
Ecuador Province Napo
26%
Colombia Department Nariño
26%
Paraguay Departament Paraguarí
26%
Peru Departament Piura
26%
Venezuela State Portuguesa
26%
Colombia Department Quindío
26%
Uruguay Departament Rocha
26%
Paraguay Departament San Pedro
26%
Uruguay Departament Soriano
26%
Chile Region Tarapacá
26%
Peru Departament Tumbes
26%
Colombia Department Valle del Cauca
26%
Ecuador Province Zamora-Chinchipe
26%
Paraguay Departament Amambay
21%
Peru Departament Ancash
21%
Venezuela State Anzoátegui
21%
Ecuador Province Azuay
21%
Paraguay Departament Caazapá
21%
Colombia Department Caldas
21%
Colombia Department Caquetá
21%
Colombia Department Casanare
21%
Ecuador Province Chimborazo
21%
Bolivia Department Chuquisaca
21%
Ecuador Province Cotopaxi
21%
Colombia Department Cundinamarca
21%
Guyana Region East Berbice- Corentyne
21%
Ecuador Province El Oro
21%
Colombia Department Guainía
21%
Venezuela State Guárico
21%
Colombia Department Huila
21%
Peru Departament Lambayeque
21%
Ecuador Province Loja
21%
Guyana Region Mahaica-Berbice
21%
Ecuador Province Manabí
21%
Venezuela State Mérida
21%
Peru Departament Moquegua
21%
Paraguay Departament Ñeembucú
21%
Chile Region Ñuble
21%
Ecuador Province Orellana
21%
Peru Departament Pasco
21%
Ecuador Province Pastaza
21%
Colombia Department Risaralda
21%
Suriname District Sipaliwini
21%
Ecuador Province Sucumbíos
21%
Venezuela State Táchira
21%
Uruguay Departament Tacuarembó
21%
Colombia Department Tolima
21%
Guyana Region Upper Demerara- Berbice
21%
Guyana Region Upper Takutu- Upper Essequibo
21%
Colombia Department Vichada
21%
Venezuela State Zulia
21%
Venezuela State Aragua
16%
Peru Departament Ayacucho
16%
Venezuela State Barinas
16%
Colombia Department Boyacá
16%
Suriname District Brokopondo
16%
Ecuador Province Cañar
16%
Ecuador Province Carchi
16%
Venezuela State Cojedes
16%
Suriname District Commewijne
16%
Suriname District Coronie
16%
Venezuela State Delta Amacuro
16%
Guyana Region Demerara-Mahaica
16%
Ecuador Province Esmeraldas
16%
Venezuela State Falcón
16%
Venezuela Dependency Federal Dependencies
16%
Peru Departament Huánuco
16%
Ecuador Province Imbabura
16%
Suriname District Marowijne
16%
Venezuela State Miranda
16%
Venezuela State Monagas
16%
Suriname District Nickerie
16%
Ecuador Province Santa Elena
16%
Suriname District Saramacca
16%
Ecuador Province Tungurahua
16%
Suriname District Wanica
16%
Venezuela State Yaracuy
16%
Guyana Region Barima-Waini
11%
Guyana Region Cuyuni-Mazaruni
11%
Ecuador Province Pichincha
11%
Guyana Region Pomeroon-Supenaam
11%
Guyana Region Potaro-Siparuni
11%
No matching quizzes found
Score Distribution
Percent of People with Each Score
Percentile by Number Answered
Your Score History
You have not taken this quiz